Statistiche per Ricostruisci la Carriera del Calciatore - Marko Arnautović

Clicka qui per fare il quiz!

Statistiche generali

  • Questo quiz è stato fatto 5 volte
  • Il punteggio medio è 4 su 9

Statistiche sulle risposte

HintRisposta% Corretto
2005-2006 Floridsdorfer
100%
2021-2023 Bologna
50%
2023-Inter
50%
2019-2021 Shanghai SIPG
50%
2006-2009 Twente
50%
2017-2019 West Ham Utd
50%
2009-2010Inter
0%
2013-2017 Stoke City
0%
2010-2013 Werder Brema
0%

Distribuzione punteggi

Percentile per numero di risposta

Percentuale di utenti per punteggio

I tuoi punteggi nel tempo

Non hai fatto questo quiz